| 000 | 00625nam a22001937a 4500 | ||
|---|---|---|---|
| 999 |
_c9924 _d9924 |
||
| 003 | AR-CdUCM | ||
| 008 | 190328b ||||| |||| 00| 0 spa d | ||
| 040 |
_aMUNICIPALIDAD PROVINCIAL DEL CUSCO _cBIBLIOTECA MUNICIPAL DEL CUSCO |
||
| 082 |
_a330.1 / _bF49 / 1947 |
||
| 100 |
_aFigueroa, Emilio de _926471 |
||
| 245 | _aTeorías de los Ciclos Económicos / | ||
| 260 |
_aMadrid : _bDiana, Arte Gráficas ; _c1947. |
||
| 300 |
_a297 páginas ; _bFórmulas _c25cm |
||
| 440 |
_aTeoría Económica _n5 _926472 |
||
| 505 | _aContenido: Fenómenos dinámicos | ||
| 650 |
_aEconomía _9382 |
||
| 942 |
_2ddc _cLIBROS |
||
| 945 | _anom | ||